Click the Tom Petty Song Title Ending - Statistics

General Stats
  • This quiz has been taken 209 times
  • The average score is 17 of 20
Answer Stats
Hint Answer % Correct
I Won't Back Down
97%
Free Fallin'
97%
You Don't Know How It Feels
97%
It'll All Work Out
95%
Don't Do Me Like That
95%
You Wreck Me
94%
Two Gunslingers
93%
Mary Jane's Last Dance
92%
Listen to Her Heart
92%
Learning to Fly
90%
Love Is a Long Road
90%
American Girl
89%
Into The Great Wide Open
89%
Runnin' Down a Dream
88%
Saving Grace
86%
Yer So Bad
79%
The Last DJ
72%
You Got Lucky
65%
Louisiana Rain
61%
The Waiting
60%
No matching quizzes found
Score Distribution
Percent of People with Each Score
Percentile by Number Answered
Your Score History
You have not taken this quiz